Welcome to CU Library Online Public Access Catalogue (OPAC)

Cognitive linguistics / (Record no. 9553)

MARC details
000 -LEADER
fixed length control field 01027cam a22002774a 4500
001 - CONTROL NUMBER
control field 13196202
005 - DATE AND TIME OF LATEST TRANSACTION
control field 20260422174648.0
008 - FIXED-LENGTH DATA ELEMENTS--GENERAL INFORMATION
fixed length control field 030513s2004 enka b 001 0 eng
020 ## - INTERNATIONAL STANDARD BOOK NUMBER
International Standard Book Number 0521661145
020 ## - INTERNATIONAL STANDARD BOOK NUMBER
International Standard Book Number 0521667704
Qualifying information pb.
020 ## - INTERNATIONAL STANDARD BOOK NUMBER
International Standard Book Number 9780521661140
020 ## - INTERNATIONAL STANDARD BOOK NUMBER
International Standard Book Number 9780521667708
Qualifying information (pb.)
050 00 - LIBRARY OF CONGRESS CALL NUMBER
Classification number P165
Item number .C76 2004
082 00 - DEWEY DECIMAL CLASSIFICATION NUMBER
Classification number 415
Edition information 21
100 1# - MAIN ENTRY--PERSONAL NAME
Personal name Croft, William,
Dates associated with a name 1956-
245 10 - TITLE STATEMENT
Title Cognitive linguistics /
Statement of responsibility, etc. William Croft and D. Alan Cruse.
260 ## - PUBLICATION, DISTRIBUTION, ETC.
Place of publication, distribution, etc. Cambridge, U.K. ;
-- New York :
Name of publisher, distributor, etc. Cambridge University Press,
Date of publication, distribution, etc. c2004.
300 ## - PHYSICAL DESCRIPTION
Extent xv, 356 p.:
Other physical details ill. ;
Dimensions 24 cm.
440 #0 - SERIES STATEMENT/ADDED ENTRY--TITLE
Title Cambridge textbooks in linguistics
650 #0 - SUBJECT ADDED ENTRY--TOPICAL TERM
Topical term or geographic name entry element Cognitive grammar.
700 1# - ADDED ENTRY--PERSONAL NAME
Personal name Cruse, D. A.
856 42 - ELECTRONIC LOCATION AND ACCESS
Materials specified Publisher description
Uniform Resource Identifier <a href="http://www.loc.gov/catdir/description/cam032/2003053175.html">http://www.loc.gov/catdir/description/cam032/2003053175.html</a>
856 41 - ELECTRONIC LOCATION AND ACCESS
Materials specified Table of contents
Uniform Resource Identifier <a href="http://www.loc.gov/catdir/toc/cam031/2003053175.html">http://www.loc.gov/catdir/toc/cam031/2003053175.html</a>
856 42 - ELECTRONIC LOCATION AND ACCESS
Materials specified Contributor biographical information
Uniform Resource Identifier <a href="http://www.loc.gov/catdir/enhancements/fy0732/2003053175-b.html">http://www.loc.gov/catdir/enhancements/fy0732/2003053175-b.html</a>
942 ## - ADDED ENTRY ELEMENTS (KOHA)
Source of classification or shelving scheme Library of Congress Classification
Koha item type Books
Suppress in OPAC No
999 ## -
-- 9553
-- 9553
Holdings
Withdrawn status Lost status Source of classification or shelving scheme Damaged status Not for loan Collection Home library Current library Shelving location Date acquired Total checkouts Full call number Barcode Date last seen Copy number Price effective from Koha item type
    Library of Congress Classification     Non-fiction Business Library (Miotso) Business Library (Miotso) General stacks 04/22/2026   P165 .C76 2004 BSSM00003631 04/22/2026 1 04/22/2026 Books
    Library of Congress Classification     Non-fiction Business Library (Miotso) Business Library (Miotso) General stacks 04/22/2026   P165 .C76 2004 BSSM00003632 04/22/2026 2 04/22/2026 Books
    Library of Congress Classification     Non-fiction Business Library (Miotso) Business Library (Miotso) General stacks 04/22/2026   P165 .C76 2004 BSSM00003633 04/22/2026 3 04/22/2026 Books
© 2023-2024 Copyright: Central University Libraries. All Rights Reserved | Created by: Mahone Tech Office